00242nam a2200109Ia 4500003000400000005001700004008004100021020001600062040002000078100001700098245001700115OSt20240330112745.0170523s9999 xx 000 0 und d a8190804065  cIIMT UNIVERSITY aSINGHAL- A.K 0aBUSINESS LAW